书目信息 |
| 题名: |
当代西方经济学十大理论热点
|
|
| 作者: | 徐光远 , 李贤 , 杨伟 著 | |
| 分册: | ||
| 出版信息: | 北京 中国经济出版社 2008.01 |
|
| 页数: | 501页 | |
| 开本: | 24cm | |
| 丛书名: | ||
| 单 册: | ||
| 中图分类: | F091.3 | |
| 科图分类: | ||
| 主题词: | 现代资产阶级经济学--xian dai zi chan jie ji jing ji xue | |
| 电子资源: | ||
| ISBN: | 978-7-5017-7972-7 | |
| 000 | 01122nam0 2200277 450 | |
| 001 | 012008734844 | |
| 005 | 20080423093956.14 | |
| 010 | @a978-7-5017-7972-7@dCNY68.00 | |
| 100 | @a20080423d2008 em y0chiy0120 ea | |
| 101 | 0 | @achi |
| 102 | @aCN@b110000 | |
| 105 | @ay a 000yy | |
| 106 | @ar | |
| 200 | 1 | @a当代西方经济学十大理论热点@Adang dai xi fang jing ji xue shi da li lun re dian@e近年来诺贝尔经济学奖获得者主要理论研究@f徐光远, 李贤, 杨伟等著@Fxu guang yuan,li xian,yang wei deng zhu |
| 210 | @a北京@c中国经济出版社@d2008.01 | |
| 215 | @a501页@d24cm | |
| 320 | @a有书目 (第477-491页) | |
| 330 | @a本书对于多届诺贝尔经济学奖获奖理论的背景、内容和运用作出了深入地研究,结合当前热点,共探讨了九大问题。 | |
| 517 | 1 | @a近年来诺贝尔经济学奖获得者主要理论研究@Ajin nian lai nuo bei er jing ji xue jiang huo de zhe zhu yao li lun yan jiu |
| 606 | 0 | @a现代资产阶级经济学@Axian dai zi chan jie ji jing ji xue |
| 690 | @aF091.3@v4 | |
| 701 | 0 | @a徐光远@Axu guang yuan@4著 |
| 701 | 0 | @a李贤@Ali xian@4著 |
| 701 | 0 | @a杨伟@Ayang wei@4著 |
| 801 | 0 | @aCN@bQSSK@c20080423 |
| 905 | @b296436-37@dF091.3@eX718@f2 | |
| 当代西方经济学十大理论热点:近年来诺贝尔经济学奖获得者主要理论研究/徐光远, 李贤, 杨伟等著.-北京:中国经济出版社,2008.01 |
| 501页;24cm |
| ISBN 978-7-5017-7972-7:CNY68.00 |
| 本书对于多届诺贝尔经济学奖获奖理论的背景、内容和运用作出了深入地研究,结合当前热点,共探讨了九大问题。 |
| ● |
| 相关链接 |
|
|
|
正题名:当代西方经济学十大理论热点
索取号:F091.3/X718
 
预约/预借
| 序号 | 登录号 | 条形码 | 馆藏地/架位号 | 状态 | 备注 |
| 1 | 296436 | 202964364 | 社科库409/409社科库 66排1列3层/ [索取号:F091.3/X718] | 在馆 | |
| 2 | 296437 | 202964373 | 社科库409/409社科库 66排1列3层/ [索取号:F091.3/X718] | 在馆 |